000 00959nam a2200277Ia 4500
003 OSt
005 20221005104547.0
006 a|||||r|||| 00| 0
007 ta
008 221004b |||||||| |||| 00| 0 hin d
020 _cIndian Rupees 8.00
024 _a38855
037 _bGift, 28/08/2018,
_cTextual
040 _aCRL
_cCRL
_bhin
041 _2hin
_ahin
082 _aO152,1N071w, K9
100 _aबच्चन, ले.
245 0 _aक्या भूलूॅं क्या याद करूॅं
246 _aKyā bhūlūॅan kyā yād karūॅan
260 _aदिल्ली
_bराजपाल एण्ड सन्ज़ भारत
_c1969
300 _a328पृ0
_ccm.
650 _a हिन्दी साहित्य
650 _aहिन्दी कविता
942 _hO152,1N071w, K9
_cTEXL
_2cc
999 _c1013092
_d1013092